| 000 | 00421nam a2200157Ia 4500 | ||
|---|---|---|---|
| 008 | 210716s2015 xx 000 0 und d | ||
| 020 | _a9788126510993 | ||
| 041 | _aeng | ||
| 082 | _a660.282 POOC | ||
| 100 | _aPoole, Charles P; Owens, Frank J. | ||
| 245 | _aIntroduction to nanotechnology. | ||
| 250 | _a1 | ||
| 260 |
_aNew Delhi _bWiley India Pvt Ltd _c2015 |
||
| 300 | _axii,388 | ||
| 650 | _aNano Technology(620.5) | ||
| 999 |
_c194980 _d194980 |
||